| 000 | 00649nam a2200205Ia 4500 | ||
|---|---|---|---|
| 005 | 20250508170054.0 | ||
| 008 | 008 250505s9999 xx 000 0 eng d | ||
| 037 | _aTextBook | ||
| 040 |
_aFEDL _beng _cFEDL |
||
| 041 |
_aeng _2eng |
||
| 084 |
_a370.115, COW/R _qFEDL |
||
| 100 |
_aCowden Stephen Ed. _9782906 |
||
| 245 | 0 | _aActs of knowing: Critical pedagogy in, against and beyond the university | |
| 260 |
_aNew Delhi, India _bBloomsbury _c2013 |
||
| 300 | _aviii, 229p. | ||
| 365 |
_aINR _b950 |
||
| 700 |
_a Gurnam Singh Ed. Ansler Sarah and others Ed. _9782907 |
||
| 942 |
_cTB _h370.115, COW/R |
||
| 999 |
_c1399065 _d1399065 |
||